Quiz dos estados brasileiros - Bahia - Statistics

Estatísticas Gerais
  • Esse quiz foi jogado 208 vezes
  • A pontuação média é 18 de 26
Estatísticas das Respostas
Dica Resposta % Correto
Capital Salvador
100%
3 cidades mais populosas Salvador
100%
No estado podem ser encontrados esses 3 biomas Caatinga
92%
Bolinho frito em azeite de dendê acarajé
90%
Matéria-prima do chocolate cultivado principalmente na região de Ilhéus-Itabuna cacau
89%
Chapada no centro do estado Chapada Diamantina
89%
3 cidades mais populosas Feira de Santana
89%
Principal rio do estado São Francisco
87%
No estado podem ser encontrados esses 3 biomas Cerrado
84%
Gênero musical que surgiu no estado axé
83%
Cantora mais famosa do gênero citado com músicas como "Abalou" e "Sorte Grande" Ivete Sangalo
82%
Cidade atual em que a frota de Pedro Álvares Cabral ancorou em 1500 Porto Seguro
82%
No estado podem ser encontrados esses 3 biomas Mata Atlântica
78%
País que ocupou a capital por 1 ano Holanda
71%
3 cidades mais populosas Vitória da Conquista
67%
Projeto que luta pela preservação de tartarugas-marinhas TAMAR
64%
Escola de tambores afro-brasileira Olodum
63%
Freira canonizada que ficou conhecida como "anjo bom da Bahia" Irmã Dulce
59%
Acompanhamento do prato citado vatapá
59%
Autor de "Dona Flor e Seus Dois Maridos" e "Gabriela, Cravo e Canela" Jorge Amado
54%
Irmãos musicistas de renome nacional Caetano Veloso
50%
Celebração inter-religiosa que ocorre nas escadas da igreja do Bonfim Lavagem do Bonfim
47%
Conflito armado entre o governo e membros de uma comunidade religiosa Canudos
44%
Irmãos musicistas de renome nacional Maria Bethânia
44%
Maior afoxê (cortejo de rua) do carnaval, nomeado em homenagem a um pacifista indiano Filhos de Gandhy
36%
Cantor responsável pela divulgação da cultura baiana e compositor de "O que é que a baiana tem" Dorival Caymmi
22%
Nenhum quiz correspondente encontrado
Distribuição das Pontuações
Porcentagem de Pessoas com Cada Pontuação
Percentil de Números Respondidos
Sua Pontuação Histórica
Você não jogou esse quiz